Čítanka pre 4. ročník základných škôl

Podrobná bibliografia
Hlavní autori: Kyseľová, Lýdia, 1919-1994 (Autor), Dedinská, Lenka, 1916-2003 (Autor), Mosná, Mária (Autor)
Ďalší autori: Končeková-Veselá, Ľuba, 1942- (Ilustrátor)
Médium: Kniha
Jazyk:slovenčina
Fyzický popis:208 s. ilustr.(prevažne fareb.) 21 cm
Vydavateľské údaje: Bratislava Slovenské pedagogické nakladateľstvo 1997
ISBN:8008025034
Vydanie:9. vyd.
Predmet:

MARC

LEADER 00000nam a2200000 a 4500
001 vtls001283034
003 SK-MaSNL
005 20260301004336.0
008 240314s1997 xo ae r y slo
015 |a SNBA1997/0802195 
020 |a 8008025034 
035 |a SNK000234489 
035 |a urn:nbn:sk:snk-amkg73 
035 |a urn:nbn:sk:snk-am002ydd 
035 |a 290566AB-9C07-45B7-A393-E1DB36CCEAA4 
040 |a SNK  |b slo  |c SNK  |e AACR2 
041 0 |a slo 
044 |a xo  |c SK 
080 |a 372.41(075.2)  |2 1981 
100 1 |a Kyseľová, Lýdia,  |d 1919-1994  |4 aut  |9 256474 
245 1 0 |a Čítanka pre 4. ročník základných škôl  |c Lýdia Kyseľová, Lenka Dedinská, Mária Mosná 
250 |a 9. vyd. 
260 |a Bratislava  |b Slovenské pedagogické nakladateľstvo  |c 1997 
300 |a 208 s.  |b ilustr.(prevažne fareb.)  |c 21 cm 
500 |a Ilustr. rozlož. tit. strana 
500 |a Ilustr. Ľuba Končeková-Veselá 
650 0 7 |a čítanie  |x učebnice zákl. škôl (4.roč.)  |2 SNK  |9 287034 
655 7 |a učebnice  |2 SNK  |9 22521 
700 1 |a Dedinská, Lenka,  |d 1916-2003  |4 aut  |9 36938 
700 1 |a Mosná, Mária  |4 aut  |9 45888 
700 1 |a Končeková-Veselá, Ľuba,  |d 1942-  |4 ill  |9 219100 
919 |a 80-08-02503-4 
958 |a OND 
958 |a TL 
958 |a UX 
999 |c 541885  |d 543815 
952 |t P60, <09>, [BOOK], {629}  |a SNK  |b SNK  |y NEVYP  |7 0  |o snkC 876  |i snk1622/970417  |0 0  |1 0  |4 0  |d 1997-04-16  |l 0  |r 2005-01-02 00:00:00  |w 2026-02-23 
952 |t P60, <03>, [BOOK], {603}  |a SNK  |b SNK  |y PREZ  |7 0  |p 17A0062505  |o snkSC 92905  |i snkKSP 4102/97  |0 0  |1 0  |4 0  |d 1997-04-22  |f 1  |l 0  |r 2025-09-11 00:00:00  |w 2026-02-23 
952 |t P60, <04>, [BOOK], {604}  |a SNK  |b SNK  |y VYP  |7 0  |p 17A0062504  |o snkSC 92905 D1  |i snkKSP 4103/97  |0 0  |1 0  |4 0  |d 1997-04-22  |l 0  |r 2005-01-02 00:00:00  |w 2026-02-23